000 00319nam a2200133Ia 4500
005 20251222151342.0
008 251222s9999||||xx |||||||||||||| ||spa||
082 _a320.985/Q62
100 _aQuintanilla Ponce, Alfredo
245 0 _aSuplantadores de Dios
250 _a1ra. ed.
264 _bNuevo Mundo
942 _cLIB
999 _c24523
_d24523